Seminario internazionale la discarica di RSU tra presente e futuro

Saved in:
Bibliografiske detaljer
Format: Bog
Sprog:italiensk
Udgivet: Padua CISA 1998
Fag:
Tags: Tilføj Tag
Ingen Tags, Vær først til at tagge denne postø!

MARC

LEADER 00000nam a2200000 a 4500
001 UCM8740
003 CL-VaPUC
008 030328e19980000IT |||||||||||||||||ita|d
082 0 4 |a 628.4  |b SEM  |2 21 
245 1 0 |a Seminario internazionale la discarica di RSU tra presente e futuro 
300 |a pág. irreg 
942 |c BK 
945 |d 20030328 00:00:00  |a rbrito 
260 |a Padua  |b CISA  |c 1998 
650 7 |a TRATAMIENTOS DE RESIDUOS  |2 CL-VaPUC  |9 474925 
650 0 |a Residuos sólidos   |9 367336 
650 0 |a Gestión ambiental   |9 338121 
650 0 |a Tecnología ambiental  |9 340312 
650 7 |a ELIMINACION DE RESIDUOS  |2 CL-VaPUC  |9 332226 
650 0 |a Congresos  |9 257560 
583 |a last modification  |c 20161003 10:31:50  |k Rodrigo Vera 
999 |c 303178  |d 303176 
952 |0 0  |1 0  |4 0  |6 628_400000000000000_SEM_1998  |7 0  |8 A  |9 364325  |a BIBING  |b BIBING  |d 2019-11-21  |i 3844943  |o 628.4 SEM 1998  |p 3844943  |r 2025-01-20  |w 2019-11-21  |y BK  |k CCL